| 000 | 00623nam a2200217 a 4500 | ||
|---|---|---|---|
| 001 | 10425 | ||
| 003 | CO-ViMGA | ||
| 008 | 141112s2004 ck r 000 u spa d | ||
| 040 |
_aCO-ViMGA _bspa _cCO-ViMGA |
||
| 082 | 0 | 4 | _aCo868.5 P89m |
| 100 | 1 |
_aPuyana ; Luis Ernesto, _913917 |
|
| 245 | 1 | 0 | _aMi Tierra y sus Raices |
| 260 |
_aBucaramanga : _bBiblioteca Santander, _c1990 |
||
| 300 | _a387p. | ||
| 650 | 1 | 4 |
_aCARTAS COLOMBIANAS _913918 |
| 650 | 1 | 4 |
_aCOLECCIONES DE ESCRITORES _913919 |
| 650 | 1 | 4 | _aCUENTOS COLOMBIANOS |
| 650 | 1 | 4 |
_aLITERATURA COLOMBIANA _91068 |
| 650 | 1 | 4 |
_aORATORIA COLOMBIANA _913920 |
| 942 |
_2ddc _cBK |
||
| 999 |
_c21768 _d21768 |
||